Historical Counties of Scotland (with map) - Statistics

General Stats
  • This quiz has been taken 1,278 times
  • The average score is 19 of 33
Answers on the Map
Answers color-coded by a green-red scale on the quiz's map according to % correct below.
 
Answer Stats
Answer % Correct
Aberdeenshire
88%
Orkney
86%
Shetland
86%
Perthshire
76%
Fife
72%
Argyll
70%
Ayrshire
70%
East Lothian
70%
Dumfriesshire
69%
Midlothian
69%
Westlothian
68%
Stirlingshire
64%
Angus
63%
Moray
62%
Lanarkshire
61%
Bute
58%
Clackmannanshire
53%
Renfrewshire
53%
Dunbartonshire
51%
Sutherland
51%
Berwickshire
50%
Caithness
50%
Inverness-shire
50%
Kinross-shire
43%
Nairnshire
42%
Banffshire
39%
Peeblesshire
39%
Roxburghshire
37%
Selkirkshire
36%
Wigtownshire
36%
Kirkcudbrightshire
33%
Ross and Cromarty
33%
Kincardineshire
29%
No matching quizzes found
Score Distribution
Percent of People with Each Score
Percentile by Number Answered
Your Score History
You have not taken this quiz